[Event "LXXI C.to Italiano"]
[Site "Perugia ITA"]
[Date "2011.11.30"]
[Round "1"]
[White "Codenotti, Marco"]
[Black "Brunello, Sabino"]
[WhiteElo "2293"]
[BlackElo "2575"]
[Result "1-0"]
[PlyCount "75"]
[EventDate "2011.11.30"]

1. e4 e5 2. Nf3 Nc6 3. Bb5 a6 4. Ba4 Nf6 5. O-O Be7 6. Bxc6 dxc6 7. d3 Nd7 8.
b3 f6 9. Bb2 Nf8 10. d4 exd4 11. Nxd4 Ng6 12. Nc3 O-O 13. Nce2 Re8 14. Ng3 Bd6
15. Qe2 Qe7 16. Rfe1 Qf7 17. Ndf5 Bf8 18. Qg4 Kh8 19. h4 Ne5 20. Qf4 h5 21.
Rad1 Kh7 22. Nf1 g6 23. Nd4 Bd6 24. Qc1 c5 25. Ne2 f5 26. Nfg3 Rf8 27. Nf4 fxe4
28. Nxe4 Nf3+ 29. gxf3 Bxf4 30. Nf6+ Qxf6 31. Bxf6 Bxc1 32. Re7+ Kg8 33. Rg7+
Kh8 34. Rxc7+ Kg8 35. Rg7+ Kh8 36. Rxb7+ Kg8 37. Rg7+ Kh8 38. Ra7+ 1-0

[Event "LXXI C.to Italiano"]
[Site "Perugia ITA"]
[Date "2011.11.30"]
[Round "1"]
[White "Genocchio, Daniele"]
[Black "Rombaldoni, Denis"]
[WhiteElo "2440"]
[BlackElo "2533"]
[Result "1/2-1/2"]
[PlyCount "90"]
[EventDate "2011.11.30"]

1. e4 c6 2. d4 d5 3. exd5 cxd5 4. Bd3 Nc6 5. c3 Qc7 6. h3 g6 7. Ne2 Bf5 8. Bxf5
gxf5 9. Bf4 Qd7 10. O-O Nf6 11. Nd2 e6 12. Re1 Bd6 13. Nf3 Ne4 14. Ne5 Qc7 15.
f3 Nf6 16. Nxc6 bxc6 17. Qd2 Rg8 18. Bxd6 Qxd6 19. Qh6 Ke7 20. Qh4 Rg7 21. Nf4
Rag8 22. Re5 Rg5 23. Rae1 Kd7 24. Qh6 Qe7 25. R1e2 Qd8 26. b3 R8g7 27. h4 Rg3
28. Kf1 Ng8 29. Qh5 Qa5 30. Rxf5 exf5 31. Qxf5+ Kd8 32. Qe5 Kc8 33. Nh5 Qc7 34.
Qe8+ Kb7 35. Qf8 f6 36. Nxg3 Rxg3 37. Qb4+ Qb6 38. Qd6 Qc7 39. Qb4+ Qb6 40. Qd6
Rg7 41. Re8 Qc7 42. Qb4+ Ka6 43. Qa4+ Kb7 44. Qb4+ Ka6 45. Qa4+ Kb7 1/2-1/2

[Event "LXXI C.to Italiano"]
[Site "Perugia ITA"]
[Date "2011.11.30"]
[Round "1"]
[White "Mogranzini, Roberto"]
[Black "Dvirnyy, Danyyil"]
[WhiteElo "2469"]
[BlackElo "2475"]
[Result "1/2-1/2"]
[PlyCount "46"]
[EventDate "2011.11.30"]

1. e4 e5 2. Nf3 Nc6 3. Bb5 a6 4. Bxc6 dxc6 5. O-O Ne7 6. Nxe5 Qd4 7. Qh5 g6 8.
Qg5 Bg7 9. Nf3 Qxe4 10. Re1 Qb4 11. b3 h6 12. Qg3 Qd6 13. Nc3 Be6 14. Bb2 O-O-O
15. Na4 Bxb2 16. Nxb2 Nf5 17. Qxd6 cxd6 18. c4 Rde8 19. d4 Kc7 20. Nd3 Bd7 21.
h3 Rxe1+ 22. Rxe1 Re8 23. Rxe8 Bxe8 1/2-1/2

[Event "LXXI C.to Italiano"]
[Site "Perugia ITA"]
[Date "2011.11.30"]
[Round "1"]
[White "Ortega, Lexy"]
[Black "Rombaldoni, Axel"]
[WhiteElo "2478"]
[BlackElo "2459"]
[Result "1-0"]
[PlyCount "65"]
[EventDate "2011.11.30"]

1. Nf3 e6 2. c4 f5 3. g3 Nf6 4. Bg2 Be7 5. Nc3 O-O 6. O-O d5 7. cxd5 exd5 8. d3
Kh8 9. Bf4 Nh5 10. e3 Nxf4 11. exf4 d4 12. Nb5 Nc6 13. Re1 a6 14. Nbxd4 Nxd4
15. Nxd4 Bf6 16. Ne2 Bxb2 17. Rb1 Bf6 18. Bxb7 Bxb7 19. Rxb7 Re8 20. Nc1 Qd5
21. Rxc7 h6 22. Re2 Bd4 23. Qa4 Rxe2 24. Nxe2 Rb8 25. Rc1 Bb2 26. Qc4 Qa5 27.
Rc2 Bf6 28. Kg2 Rb4 29. Qc8+ Kh7 30. Rc5 Qxa2 31. Qxf5+ Kg8 32. Rc8+ Kf7 33.
Nc3 1-0

[Event "LXXI C.to Italiano"]
[Site "Perugia ITA"]
[Date "2011.12.01"]
[Round "2"]
[White "Bruno, Fabio"]
[Black "Godena, Michele"]
[WhiteElo "2437"]
[BlackElo "2548"]
[Result "1/2-1/2"]
[PlyCount "34"]
[EventDate "2011.11.30"]

1. d4 d5 2. Nf3 Nf6 3. e3 Bg4 4. Nbd2 e6 5. Be2 Nbd7 6. O-O Bd6 7. c4 c6 8. b3
O-O 9. Bb2 Qe7 10. Ne5 Bxe2 11. Qxe2 Ba3 12. Nxd7 Nxd7 13. Bc3 Bb4 14. Bxb4
Qxb4 15. a3 Qe7 16. e4 dxe4 17. Nxe4 Rfd8 1/2-1/2

[Event "LXXI C.to Italiano"]
[Site "Perugia ITA"]
[Date "2011.12.01"]
[Round "2"]
[White "Caprio, Guido"]
[Black "Mogranzini, Roberto"]
[WhiteElo "2354"]
[BlackElo "2469"]
[Result "1-0"]
[PlyCount "142"]
[EventDate "2011.11.30"]

1. d4 Nf6 2. c4 g6 3. Nc3 Bg7 4. e4 d6 5. h3 O-O 6. Nf3 Na6 7. Be3 c5 8. d5 e6
9. Bd3 exd5 10. exd5 Nb4 11. Bb1 b5 12. Nxb5 Ba6 13. a4 Qa5 14. O-O Bxb5 15.
cxb5 Nfxd5 16. Bc1 Rad8 17. Ra3 a6 18. Qe2 Rfe8 19. Qc4 axb5 20. Qh4 f6 21. Qg3
f5 22. Qh4 Rd7 23. Ng5 Bf6 24. Rg3 Kh8 25. Qh6 Rg8 26. h4 Qd8 27. h5 Bxg5 28.
Rxg5 Rdg7 29. hxg6 Rxg6 30. Rxg6 Rxg6 31. Qh3 bxa4 32. Bxf5 Rg7 33. Re1 Nc6 34.
Be4 Nce7 35. b3 Nf6 36. Bb2 Neg8 37. Bc6 a3 38. Bc3 d5 39. Be5 a2 40. Qc3 Qe7
41. Qa1 Qe6 42. Ba8 d4 43. Qxa2 Re7 44. Qa5 d3 45. Qc3 Rd7 46. f4 Kg7 47. Bf3
Qb6 48. Qc4 Qb4 49. Qxb4 cxb4 50. g4 Kf7 51. Rd1 d2 52. g5 Rd3 53. Be2 Rg3+ 54.
Kh2 Ne4 55. Bc4+ Kf8 56. Bd5 Rh3+ 57. Kg2 Rg3+ 58. Kh2 Rh3+ 59. Kg2 Rg3+ 60.
Kf1 Nc3 61. Rxd2 Nxd5 62. Rxd5 Rxb3 63. Rd7 Ke8 64. Rxh7 Ne7 65. Ke2 Nf5 66.
Rb7 Re3+ 67. Kf2 b3 68. g6 Rg3 69. g7 Rg6 70. Rb8+ Kf7 71. Rf8+ Ke7 1-0

[Event "LXXI C.to Italiano"]
[Site "Perugia ITA"]
[Date "2011.12.01"]
[Round "2"]
[White "Genocchio, Daniele"]
[Black "Ortega, Lexy"]
[WhiteElo "2440"]
[BlackElo "2478"]
[Result "1/2-1/2"]
[PlyCount "100"]
[EventDate "2011.11.30"]

1. e4 e5 2. Nf3 Nc6 3. Bb5 a6 4. Ba4 Nf6 5. Bxc6 dxc6 6. d3 Bd6 7. Nbd2 c5 8.
Nc4 Nd7 9. Bd2 O-O 10. Bc3 Re8 11. a4 b6 12. O-O a5 13. Kh1 f6 14. Nh4 Nf8 15.
Nf5 Ne6 16. Qg4 g6 17. Nh6+ Kg7 18. Bd2 Nd4 19. Qd1 Bd7 20. h3 Qe7 21. Ne3 Kh8
22. Nd5 Qe6 23. f4 f5 24. fxe5 Bxe5 25. c3 Nc6 26. d4 cxd4 27. cxd4 Nxd4 28.
Nxc7 Bxc7 29. Bc3 Kg7 30. Bxd4+ Kxh6 31. Qc1+ g5 32. Qxc7 Rac8 33. exf5 Rxc7
34. fxe6 Rxe6 35. Rf7 Rb7 36. Raf1 Rg6 37. R1f6 Bc6 38. Rxg6+ hxg6 39. Rxb7
Bxb7 40. Bxb6 Bc6 41. Bxa5 g4 42. h4 Kh5 43. Kh2 Kxh4 44. Bd8+ g5 45. g3+ Kh5
46. a5 Kg6 47. a6 Kf7 48. Kg1 Ke8 49. Bxg5 Kd7 50. Kf2 Kc7 1/2-1/2

[Event "LXXI C.to Italiano"]
[Site "Perugia ITA"]
[Date "2011.12.01"]
[Round "2"]
[White "Rombaldoni, Axel"]
[Black "Codenotti, Marco"]
[WhiteElo "2459"]
[BlackElo "2293"]
[Result "1/2-1/2"]
[PlyCount "123"]
[EventDate "2011.11.30"]

1. e4 c5 2. Nf3 d6 3. Bc4 Nc6 4. c3 Nf6 5. d3 g6 6. Bb3 Bg7 7. O-O O-O 8. h3 b5
9. Nbd2 Bb7 10. a3 e5 11. Re1 h6 12. Ba2 Rc8 13. b4 cxb4 14. axb4 d5 15. exd5
Nxd5 16. Ne4 Nxc3 17. Nxc3 Nxb4 18. Ba3 Rxc3 19. Bxb4 Rxd3 20. Qc2 e4 21. Bxf8
Bxa1 22. Rxa1 exf3 23. Bxh6 fxg2 24. Re1 Kh7 25. Be3 Qd7 26. f3 Bxf3 27. Bc5
Be4 28. Qf2 Rxh3 29. Qxf7+ Qxf7 30. Bxf7 Rh1+ 31. Kf2 a5 32. Be8 b4 33. Rg1 b3
34. Bd4 Rh3 35. Re1 Rh1 36. Rg1 Rh3 37. Re1 Rh4 38. Bb5 Rf4+ 39. Kg3 Rf3+ 40.
Kxg2 Rf5+ 41. Rxe4 Rxb5 42. Bb2 Rc5 43. Kf3 Rc2 44. Re7+ Kg8 45. Be5 a4 46. Ra7
Rc4 47. Ke3 Rb4 48. Bb2 Rc4 49. Kd3 Rc2 50. Bd4 Ra2 51. Rb7 Kf8 52. Kc4 g5 53.
Be5 g4 54. Kd5 Re2 55. Rb4 g3 56. Bxg3 b2 57. Bd6+ Ke8 58. Rb8+ Kd7 59. Rb7+
Kc8 60. Rb8+ Kd7 61. Ba3 Re3 62. Bxb2 1/2-1/2

[Event "LXXI C.to Italiano"]
[Site "Perugia ITA"]
[Date "2011.12.01"]
[Round "2"]
[White "Rombaldoni, Denis"]
[Black "Dvirnyy, Danyyil"]
[WhiteElo "2533"]
[BlackElo "2475"]
[Result "1/2-1/2"]
[PlyCount "112"]
[EventDate "2011.11.30"]

1. d4 d5 2. c4 c6 3. Nf3 Nf6 4. Nc3 e6 5. Bg5 Nbd7 6. e3 Qa5 7. cxd5 Nxd5 8.
Qd2 Bb4 9. Rc1 c5 10. Bc4 O-O 11. Bxd5 exd5 12. Be7 Re8 13. Bxc5 Bxc3 14. Qxc3
Qb5 15. b3 b6 16. a4 Qa6 17. Ba3 Bb7 18. Qb4 Rac8 19. Qb5 Qxb5 20. axb5 a6 21.
bxa6 Bxa6 22. Rxc8 Rxc8 23. Kd2 Nf6 24. Rc1 Rxc1 25. Bxc1 Bf1 26. g3 Ng4 27.
Ke1 Bg2 28. Ke2 Bxf3+ 29. Kxf3 Nxh2+ 30. Kf4 h5 31. Ke5 Nf3+ 32. Kxd5 g5 33.
Ke4 Ng1 34. Ba3 f6 35. Be7 Kf7 36. Bd8 b5 37. Kf5 h4 38. gxh4 gxh4 39. Kg4 h3
40. Kg3 f5 41. Ba5 Ke6 42. Kh2 Ne2 43. Bd2 Kd5 44. b4 f4 45. Kxh3 fxe3 46. fxe3
Ke4 47. Kg2 Kd3 48. d5 Kxd2 49. Kf3 Nc1 50. Ke4 Nd3 51. Kd4 Nxb4 52. e4 Na6 53.
d6 b4 54. Kc4 Nb8 55. e5 b3 56. Kxb3 Nd7 1/2-1/2

[Event "LXXI C.to Italiano"]
[Site "Perugia ITA"]
[Date "2011.12.02"]
[Round "3"]
[White "Codenotti, Marco"]
[Black "Genocchio, Daniele"]
[WhiteElo "2293"]
[BlackElo "2440"]
[Result "1-0"]
[PlyCount "120"]
[EventDate "2011.11.30"]

1. e4 c5 2. Nf3 Nc6 3. d4 cxd4 4. Nxd4 d5 5. Bb5 dxe4 6. Nxc6 Qxd1+ 7. Kxd1 a6
8. Nd4+ axb5 9. Nxb5 Bg4+ 10. Ke1 Rd8 11. N1c3 e5 12. h3 Bh5 13. g4 Bg6 14. Be3
f5 15. gxf5 Bxf5 16. Bb6 Rd7 17. Bc7 e3 18. fxe3 Bxc2 19. Bxe5 Nf6 20. Rh2 Bd3
21. Rd1 Bb4 22. Nd6+ Bxd6 23. Bxd6 Rxd6 24. Rhd2 O-O 25. Rxd3 Re6 26. Kd2 Nh5
27. Kc2 Rf3 28. e4 Rxd3 29. Rxd3 Nf4 30. Rf3 g5 31. Nd5 Rc6+ 32. Kb3 Ng6 33.
Rf5 h6 34. a4 Kg7 35. a5 Re6 36. Nc3 Ne5 37. Ka4 Kg6 38. b4 h5 39. Nd5 h4 40.
Rf8 Nd3 41. Rg8+ Kh6 42. Ne3 Nc5+ 43. Kb5 Nxe4 44. Nf5+ Kh7 45. Rg7+ Kh8 46.
Rxb7 Re5+ 47. Ka4 Rxf5 48. a6 Rf1 49. a7 Ra1+ 50. Kb3 g4 51. hxg4 h3 52. Rb8+
Kg7 53. a8=Q Nd2+ 54. Kc2 Rxa8 55. Rxa8 h2 56. Ra1 Nf3 57. Rh1 Kg6 58. Kc3 Kf6
59. b5 Ke6 60. Kb4 Kd5 1-0

[Event "LXXI C.to Italiano"]
[Site "Perugia ITA"]
[Date "2011.12.02"]
[Round "3"]
[White "Dvirnyy, Danyyil"]
[Black "Caprio, Guido"]
[WhiteElo "2475"]
[BlackElo "2354"]
[Result "1/2-1/2"]
[PlyCount "29"]
[EventDate "2011.11.30"]

1. e4 e5 2. Nf3 Nc6 3. Bb5 Nf6 4. O-O Nxe4 5. d4 Nd6 6. Bxc6 dxc6 7. dxe5 Nf5
8. Qxd8+ Kxd8 9. Nc3 Ke8 10. h3 a5 11. Rd1 a4 12. a3 Ne7 13. Be3 Be6 14. Nd4
Bc4 15. Re1 1/2-1/2

[Event "LXXI C.to Italiano"]
[Site "Perugia ITA"]
[Date "2011.12.02"]
[Round "3"]
[White "Godena, Michele"]
[Black "Brunello, Sabino"]
[WhiteElo "2548"]
[BlackElo "2575"]
[Result "1/2-1/2"]
[PlyCount "66"]
[EventDate "2011.11.30"]

1. e4 c6 2. d4 d5 3. Nd2 dxe4 4. Nxe4 Bf5 5. Ng3 Bg6 6. Nf3 Nd7 7. Bd3 e6 8.
O-O Ngf6 9. Re1 Be7 10. c4 O-O 11. Bxg6 hxg6 12. Bf4 Re8 13. Qc2 c5 14. dxc5
Bxc5 15. Rad1 Qb6 16. Ne4 Nxe4 17. Rxe4 Nf6 18. Ree1 Rac8 19. b3 Qa5 20. Bd2
Qa3 21. Bc1 Qa6 22. Be3 b5 23. Bxc5 Rxc5 24. Re5 Qb6 25. Qe2 bxc4 26. Rxc5 Qxc5
27. Qxc4 Qxc4 28. bxc4 Rc8 29. Ne5 g5 30. f3 Kf8 31. Rb1 Rc7 32. Kf2 Ne8 33. c5
Ke7 1/2-1/2

[Event "LXXI C.to Italiano"]
[Site "Perugia ITA"]
[Date "2011.12.02"]
[Round "3"]
[White "Mogranzini, Roberto"]
[Black "Bruno, Fabio"]
[WhiteElo "2469"]
[BlackElo "2437"]
[Result "1/2-1/2"]
[PlyCount "172"]
[EventDate "2011.11.30"]

1. c4 e6 2. g3 d5 3. Bg2 Nf6 4. Nf3 Be7 5. O-O O-O 6. b3 c5 7. Bb2 Nc6 8. e3 a6
9. cxd5 exd5 10. d4 cxd4 11. Nxd4 Bg4 12. Nxc6 bxc6 13. Qc2 Qd7 14. Nc3 Rab8
15. Na4 Bf5 16. Qe2 Ne4 17. Qxa6 Bh3 18. Qe2 Bxg2 19. Kxg2 Ng5 20. Rac1 Rfc8
21. Rc2 Qh3+ 22. Kg1 c5 23. f4 Ne4 24. Nc3 Nf6 25. Nd1 Qe6 26. Nf2 Re8 27. Rd1
Rbd8 28. Qf3 Bf8 29. Rcd2 Ne4 30. Nxe4 dxe4 31. Qe2 Ra8 32. Bc3 h6 33. Rd5 f6
34. f5 Qa6 35. R1d2 Qxe2 36. Rxe2 Ra3 37. Rc2 Rea8 38. Rdd2 h5 39. Kf2 Kf7 40.
Ke2 Be7 41. Kd1 g6 42. fxg6+ Kxg6 43. Kc1 Kf7 44. Kb1 Ke6 45. Rd1 f5 46. Bg7
Bd6 47. Rcd2 R8a6 48. Bb2 R3a5 49. a4 Rb6 50. Bc3 Raa6 51. Rb2 Rb7 52. Kc2 Rh7
53. Be1 Rc7 54. Ra2 Be5 55. a5 Rb7 56. Rd8 Rd7 57. Re8+ Kf6 58. Bc3 Bxc3 59.
Kxc3 Rda7 60. Rf8+ Kg6 61. Rf2 Rd6 62. R8xf5 Rxa5 63. h4 Ra3 64. Rg5+ Kh6 65.
Kc4 Rb6 66. Rff5 Rbxb3 67. Rxh5+ Kg6 68. Rhg5+ Kh6 69. Rxc5 Rxe3 70. g4 Rac3+
71. Kd4 Red3+ 72. Kxe4 Re3+ 73. Kd5 Rxc5+ 74. Kxc5 Re4 75. Kd5 Ra4 76. Rg8 Kh7
77. Rg5 Kh6 78. Rh5+ Kg6 79. Rg5+ Kh6 80. Ke6 Ra6+ 81. Kd7 Ra4 82. Kc6 Rf4 83.
Rg8 Kh7 84. Rg5 Kh6 85. Rg8 Kh7 86. Rg5 Kh6 1/2-1/2

[Event "LXXI C.to Italiano"]
[Site "Perugia ITA"]
[Date "2011.12.02"]
[Round "3"]
[White "Ortega, Lexy"]
[Black "Rombaldoni, Denis"]
[WhiteElo "2478"]
[BlackElo "2533"]
[Result "1-0"]
[PlyCount "59"]
[EventDate "2011.11.30"]

1. Nf3 d5 2. d4 Nf6 3. c4 c6 4. cxd5 cxd5 5. Nc3 Nc6 6. Bf4 Ne4 7. e3 Nxc3 8.
bxc3 e6 9. Bd3 Be7 10. Rc1 Bd7 11. O-O O-O 12. e4 g6 13. Re1 Bf6 14. e5 Be7 15.
Bh6 Re8 16. Qd2 Na5 17. Qf4 Qc7 18. Ng5 f5 19. Re3 Bxg5 20. Bxg5 Rec8 21. Bf6
Be8 22. g4 fxg4 23. Qxg4 Qd7 24. Rg3 Nc6 25. Qh4 Qf7 26. Kh1 Rc7 27. Bxg6 Qxg6
28. Rxg6+ Bxg6 29. Rg1 Rac8 30. Rxg6+ 1-0

[Event "LXXI C.to Italiano"]
[Site "Perugia ITA"]
[Date "2011.12.03"]
[Round "4"]
[White "Bruno, Fabio"]
[Black "Dvirnyy, Danyyil"]
[WhiteElo "2437"]
[BlackElo "2475"]
[Result "1/2-1/2"]
[PlyCount "76"]
[EventDate "2011.11.30"]

1. Nf3 Nf6 2. c4 c6 3. e3 d5 4. d4 Bf5 5. Nc3 e6 6. Be2 Nbd7 7. O-O Bd6 8. b3
O-O 9. Bb2 Ne4 10. Nxe4 Bxe4 11. Ne5 Nxe5 12. dxe5 Be7 13. cxd5 cxd5 14. Qd4
Qa5 15. Rfc1 Rfc8 16. Bc3 Qa3 17. Bb2 Qa5 18. Bc3 Qa3 19. Bb2 Rxc1+ 20. Bxc1
Qb4 21. f3 Bg6 22. Bb2 Rc8 23. Qxb4 Bxb4 24. Bd1 Rc6 25. Kf2 Bd3 26. Rc1 Rxc1
27. Bxc1 Bc3 28. f4 a5 29. a3 h6 30. h4 g6 31. g4 Kg7 32. h5 gxh5 33. gxh5 b5
34. Be2 Bc2 35. Bxb5 Bd1 36. b4 axb4 37. axb4 Bxb4 38. Be2 Bc2 1/2-1/2

[Event "LXXI C.to Italiano"]
[Site "Perugia ITA"]
[Date "2011.12.03"]
[Round "4"]
[White "Ortega, Lexy"]
[Black "Codenotti, Marco"]
[WhiteElo "2478"]
[BlackElo "2293"]
[Result "1-0"]
[PlyCount "57"]
[EventDate "2011.11.30"]

1. Nf3 Nf6 2. c4 g6 3. Nc3 d5 4. cxd5 Nxd5 5. Qb3 Nb6 6. d4 Bg7 7. Bf4 Be6 8.
Qa3 c6 9. e4 N8d7 10. Rd1 Nc4 11. Qb3 Ne3 12. d5 cxd5 13. exd5 Nxd1 14. dxe6
Nxc3 15. exd7+ Qxd7 16. bxc3 O-O 17. Be2 Rac8 18. Bd2 Rc7 19. O-O Rfc8 20. c4
e5 21. Be3 e4 22. Ng5 Qf5 23. Rd1 Qe5 24. Nh3 Qb2 25. Nf4 b6 26. Qxb2 Bxb2 27.
Nd5 Rb7 28. c5 b5 29. Bxb5 1-0

[Event "LXXI C.to Italiano"]
[Site "Perugia ITA"]
[Date "2011.12.03"]
[Round "4"]
[White "Rombaldoni, Axel"]
[Black "Godena, Michele"]
[WhiteElo "2459"]
[BlackElo "2548"]
[Result "1-0"]
[PlyCount "53"]
[EventDate "2011.11.30"]

1. e4 e5 2. Nf3 Nc6 3. Bc4 Nf6 4. d3 Bc5 5. c3 a6 6. Bb3 d6 7. Nbd2 O-O 8. h3
Ba7 9. Nf1 Ne7 10. Ng3 Ng6 11. O-O b5 12. a4 Bb7 13. Be3 Bxe3 14. fxe3 c5 15.
Ng5 c4 16. dxc4 bxa4 17. Rxa4 Bc6 18. Ra1 h6 19. Nxf7 Rxf7 20. c5 dxc5 21. Rxa6
Qxd1 22. Rxa8+ Bxa8 23. Rxd1 Bc6 24. Rd8+ Ne8 25. Bd5 Bb5 26. c4 Ba4 27. b3 1-0

[Event "LXXI C.to Italiano"]
[Site "Perugia ITA"]
[Date "2011.12.03"]
[Round "4"]
[White "Rombaldoni, Denis"]
[Black "Caprio, Guido"]
[WhiteElo "2533"]
[BlackElo "2354"]
[Result "1-0"]
[PlyCount "111"]
[EventDate "2011.11.30"]

1. d4 e6 2. c4 Nf6 3. Nc3 Bb4 4. e3 c5 5. Bd3 Nc6 6. Nf3 Bxc3+ 7. bxc3 d6 8.
Nd2 e5 9. d5 Ne7 10. h3 h5 11. Qc2 h4 12. a4 Nh5 13. Nf3 f5 14. Nxh4 e4 15. Bf1
g5 16. Nxf5 Nxf5 17. g4 Nf6 18. gxf5 Bxf5 19. Bg2 Qd7 20. Bd2 O-O-O 21. O-O-O
Rde8 22. Rdg1 Bxh3 23. Bxh3 Rxh3 24. Rxh3 Qxh3 25. a5 Rg8 26. a6 b6 27. Qd1 Qh5
28. Qa4 Qe8 29. Qxe8+ Nxe8 30. Rh1 Kd7 31. Rh6 Rg7 32. Kd1 Nc7 33. Ke2 g4 34.
Bc1 Nxa6 35. Re6 Re7 36. Rg6 Nc7 37. Rxg4 b5 38. cxb5 Nxd5 39. Bd2 Nc7 40. c4
a6 41. bxa6 Nxa6 42. Bc3 Kc6 43. Rg8 Kb7 44. Bf6 Re6 45. Bh4 Nb8 46. Rg7+ Kc6
47. Ra7 Nd7 48. Bd8 Re8 49. Rc7+ Kb6 50. Rxd7+ Kc6 51. Rc7+ Kb6 52. Re7+ Rxd8
53. Rxe4 Ka5 54. Kd3 Kb4 55. Re7 Rb8 56. Rd7 1-0

[Event "LXXI C.to Italiano"]
[Site "Perugia ITA"]
[Date "2011.12.04"]
[Round "5"]
[White "Caprio, Guido"]
[Black "Bruno, Fabio"]
[WhiteElo "2354"]
[BlackElo "2437"]
[Result "1/2-1/2"]
[PlyCount "137"]
[EventDate "2011.11.30"]

1. d4 e6 2. c4 f5 3. Nf3 Nf6 4. h3 Bb4+ 5. Nbd2 O-O 6. a3 Bxd2+ 7. Qxd2 b5 8.
cxb5 c6 9. g4 Ne4 10. Qf4 cxb5 11. gxf5 Bb7 12. Rg1 Rxf5 13. Qg4 Qf6 14. Be3
Bd5 15. Nh4 Nc6 16. Nxf5 exf5 17. Qf4 Nxd4 18. Bxd4 Qxd4 19. Rd1 Qxb2 20. Qc1
Qe5 21. Qa1 Qxa1 22. Rxa1 Bc6 23. Bg2 Re8 24. Rc1 Kf7 25. e3 Re6 26. Ke2 a6 27.
Rgd1 Ke7 28. Rd4 Kd8 29. Bf3 Kc7 30. h4 g6 31. Bxe4 fxe4 32. Rg1 h6 33. Rg4 Kd8
34. Rd1 Ke7 35. Rf4 Re5 36. Rg4 g5 37. hxg5 hxg5 38. Rh1 Rc5 39. Kd2 Rd5+ 40.
Kc2 Rc5+ 41. Kb2 Rf5 42. Rg2 Rd5 43. Rc1 Kd6 44. Rgg1 Kc7 45. Rgd1 Rf5 46. Rd2
Kb6 47. Rcc2 Bd5 48. Rd4 g4 49. Rd1 Rg5 50. Rcd2 Kc6 51. Rh1 g3 52. fxg3 Rxg3
53. Re1 Bc4 54. Kc3 Bd3 55. Kd4 Rg5 56. Rc1+ Kd6 57. Rh2 Rd5+ 58. Kc3 Kc5 59.
Rch1 Kb6 60. Rh5 Rd6 61. Rh6 Rc6+ 62. Kd4 a5 63. Rxc6+ dxc6 64. Rh5 b4 65. axb4
axb4 66. Rg5 b3 67. Rg8 c5+ 68. Kc3 c4 69. Rg5 1/2-1/2

[Event "LXXI C.to Italiano"]
[Site "Perugia ITA"]
[Date "2011.12.04"]
[Round "5"]
[White "Codenotti, Marco"]
[Black "Rombaldoni, Denis"]
[WhiteElo "2293"]
[BlackElo "2533"]
[Result "1/2-1/2"]
[PlyCount "147"]
[EventDate "2011.11.30"]

1. e4 c6 2. Nf3 d5 3. Nc3 Bg4 4. h3 Bxf3 5. Qxf3 Nf6 6. Be2 g6 7. h4 dxe4 8.
Nxe4 Nxe4 9. Qxe4 Bg7 10. h5 Qd5 11. Bf3 Qxe4+ 12. Bxe4 O-O 13. d3 Na6 14. hxg6
hxg6 15. Bd2 Bxb2 16. Rb1 Bf6 17. Rxb7 Rab8 18. Bxc6 Rxb7 19. Bxb7 Rb8 20. Bf3
Rb2 21. O-O Rxc2 22. Be3 Rxa2 23. Bxa7 Nb4 24. Be3 Nxd3 25. Rd1 Ra1 26. Rxa1
Bxa1 27. Be4 Ne5 28. Bf4 Nd7 29. Bc6 Nf8 30. Bg5 e6 31. Be7 Nh7 32. f4 Bf6 33.
Bc5 Bg7 34. Be7 Bf8 35. Bd8 Bd6 36. g3 Kf8 37. Kf2 Be7 38. Bc7 Nf6 39. Kf3 Nd5
40. Ba5 Bd6 41. Bd8 Bb8 42. Ke4 f5+ 43. Kf3 Kf7 44. Kf2 Nxf4 45. gxf4 Bxf4 46.
Kf3 Bd6 47. Bg5 Be7 48. Bf4 Bf6 49. Ba4 e5 50. Bc2 Kg7 51. Bb1 Kf7 52. Ba2+ Ke7
53. Bb1 Kd6 54. Ba2 Kd7 55. Bb1 Bg7 56. Bg5 Bf8 57. Be3 Ke6 58. Ba2+ Kf6 59.
Bb1 Bb4 60. Bc2 Be1 61. Bb1 Bh4 62. Bb6 Ke6 63. Be3 Kf6 64. Bb6 Kg7 65. Be3 Be7
66. Bc2 Bf8 67. Bb1 Kh7 68. Bg5 Bc5 69. Bc2 Kg7 70. Bb1 Kf7 71. Bc2 Ke6 72.
Bb3+ Kd6 73. Bf7 e4+ 74. Ke2 1/2-1/2

[Event "LXXI C.to Italiano"]
[Site "Perugia ITA"]
[Date "2011.12.04"]
[Round "5"]
[White "Dvirnyy, Danyyil"]
[Black "Brunello, Sabino"]
[WhiteElo "2475"]
[BlackElo "2575"]
[Result "1-0"]
[PlyCount "55"]
[EventDate "2011.11.30"]

1. e4 c6 2. d4 d5 3. Nc3 dxe4 4. Nxe4 Bf5 5. Ng3 Bg6 6. h4 h6 7. Nf3 Nd7 8. h5
Bh7 9. Bd3 Bxd3 10. Qxd3 e6 11. Bd2 Ngf6 12. O-O-O Be7 13. Kb1 O-O 14. Ne4 c5
15. g4 Nxg4 16. Qe2 f5 17. Nxc5 Nxc5 18. dxc5 Qc8 19. Ne5 Nxe5 20. Qxe5 Bf6 21.
Qg3 Qxc5 22. Bxh6 Rac8 23. c3 Qb5 24. Ka1 Rc4 25. f4 Kh8 26. Bxg7+ Bxg7 27. h6
Bf6 28. Rdg1 1-0

[Event "LXXI C.to Italiano"]
[Site "Perugia ITA"]
[Date "2011.12.04"]
[Round "5"]
[White "Godena, Michele"]
[Black "Genocchio, Daniele"]
[WhiteElo "2548"]
[BlackElo "2440"]
[Result "1-0"]
[PlyCount "53"]
[EventDate "2011.11.30"]

1. e4 e6 2. d4 d5 3. Nd2 c5 4. exd5 Qxd5 5. dxc5 Bxc5 6. Ngf3 Nf6 7. Bc4 Qc6 8.
Qe2 Nbd7 9. O-O O-O 10. Nb3 b6 11. Nxc5 Qxc5 12. b3 Bb7 13. Bb2 Rfd8 14. Rad1
Ne4 15. Rd4 Ndf6 16. Rfd1 Rxd4 17. Bxd4 Qa5 18. Ne5 Rc8 19. a4 Nc3 20. Bxc3
Qxc3 21. Nxf7 Rxc4 22. Ng5 Rc8 23. Qxe6+ Kh8 24. Nf7+ Kg8 25. Nh6+ Kh8 26. Qg8+
Nxg8 27. Nf7# 1-0

[Event "LXXI C.to Italiano"]
[Site "Perugia ITA"]
[Date "2011.12.04"]
[Round "5"]
[White "Mogranzini, Roberto"]
[Black "Rombaldoni, Axel"]
[WhiteElo "2469"]
[BlackElo "2459"]
[Result "1-0"]
[PlyCount "97"]
[EventDate "2011.11.30"]

1. c4 e5 2. g3 Nc6 3. Nc3 f5 4. Nf3 Nf6 5. d4 e4 6. Nh4 g6 7. Bg5 Bg7 8. Qd2 d6
9. O-O-O O-O 10. Bg2 Qe8 11. f3 Qf7 12. d5 exf3 13. exf3 Ne5 14. Bf1 a6 15. Bh6
Bxh6 16. Qxh6 Bd7 17. Qd2 b5 18. Qd4 bxc4 19. f4 c5 20. dxc6 Nxc6 21. Qxd6 Rad8
22. Qc5 Ne4 23. Nxe4 fxe4 24. Rd6 Kh8 25. Bxc4 Qg7 26. Rhd1 Bg4 27. Rxd8 Nxd8
28. Rd2 Nb7 29. Qb6 Rc8 30. Rc2 Nc5 31. Qd6 e3 32. Be2 Bxe2 33. Rxc5 Rxc5+ 34.
Qxc5 Bg4 35. Qxe3 Qb7 36. Qc3+ Kg8 37. Qb3+ Qxb3 38. axb3 Kf7 39. Ng2 Ke6 40.
Ne3 Bf3 41. Kd2 h6 42. Kc3 g5 43. b4 gxf4 44. gxf4 h5 45. h4 Kd7 46. Kd4 Kd6
47. f5 Be2 48. b3 Bc4 49. Ke4 1-0

[Event "LXXI C.to Italiano"]
[Site "Perugia ITA"]
[Date "2011.12.05"]
[Round "6"]
[White "Brunello, Sabino"]
[Black "Caprio, Guido"]
[WhiteElo "2575"]
[BlackElo "2354"]
[Result "1-0"]
[PlyCount "101"]
[EventDate "2011.11.30"]

1. d4 Nf6 2. c4 e6 3. g3 Bb4+ 4. Bd2 Qe7 5. Bg2 O-O 6. Nf3 Bxd2+ 7. Qxd2 d6 8.
Nc3 e5 9. O-O Re8 10. Ne1 exd4 11. Qxd4 Nc6 12. Qf4 Bg4 13. Nc2 Qd7 14. Ne3 Bh3
15. Ncd5 Nxd5 16. cxd5 Bxg2 17. Kxg2 Ne5 18. Rfd1 Qb5 19. Rd2 Rac8 20. b3 h6
21. Rc1 Qb6 22. Qa4 a6 23. Rdc2 Kf8 24. h3 Ng6 25. Qg4 Ne5 26. Qf5 Kg8 27. Rc3
c5 28. dxc6 bxc6 29. Qf4 Qb7 30. Kg1 Qb5 31. R3c2 Rcd8 32. Qd4 d5 33. Nf5 c5
34. Qxc5 Qd7 35. g4 d4 36. Qc7 Qe6 37. Qb7 d3 38. exd3 Nxd3 39. Rf1 Nf4 40. Qf3
Ne2+ 41. Kh1 g6 42. Rc6 Qd5 43. Qxd5 Rxd5 44. Ne3 Rd2 45. Rxa6 Ng3+ 46. fxg3
Rxe3 47. Ra8+ Kg7 48. Ra7 Ree2 49. Raxf7+ Kg8 50. Rf8+ Kg7 51. R1f7# 1-0

[Event "LXXI C.to Italiano"]
[Site "Perugia ITA"]
[Date "2011.12.05"]
[Round "6"]
[White "Genocchio, Daniele"]
[Black "Mogranzini, Roberto"]
[WhiteElo "2440"]
[BlackElo "2469"]
[Result "1-0"]
[PlyCount "73"]
[EventDate "2011.11.30"]

1. e4 c5 2. g3 g6 3. Bg2 Bg7 4. Ne2 Nc6 5. O-O d6 6. f4 Nf6 7. d3 Qc7 8. c3 Rb8
9. h3 O-O 10. Be3 b5 11. d4 cxd4 12. cxd4 d5 13. e5 Ne4 14. Nbc3 Nxc3 15. Nxc3
e6 16. Rc1 Bd7 17. g4 Qa5 18. f5 Rfc8 19. Qd2 b4 20. Ne2 b3 21. Rxc6 Qxd2 22.
Rxc8+ Rxc8 23. Bxd2 Rc2 24. Bc3 bxa2 25. f6 Bh6 26. Ra1 Be3+ 27. Kh1 Bb5 28.
Ng3 Bc4 29. Bf1 Bb3 30. Ne2 a5 31. Kg2 a4 32. Kf3 Bd2 33. Bxd2 Rxd2 34. Ke3 Rd1
35. Nc1 Rxf1 36. Nxb3 Rb1 37. Rxa2 1-0